skbl

Dr Suryya Kumar Bhuyan Library Web-OPAC
ডঃ সূৰ্য্য
কুমাৰ ভূঞা পুথিভঁৰাল ৱেব-অ'পেক

All Research Scholars are advised to clear the annual library fees to continue using Library Resources, Remote Access, Plagiarism Test and Library Clearance.

Cotton University Book Fair 2026

Bezbaruar Dinlekha Pratham Khanda (1895-1903) / (Record no. 9585)

MARC details
000 -LEADER
fixed length control field 00924nam a2200361Ia 4500
001 - CONTROL NUMBER
control field 9598
005 - DATE AND TIME OF LATEST TRANSACTION
control field 20240113234217.0
007 - PHYSICAL DESCRIPTION FIXED FIELD--GENERAL INFORMATION
fixed length control field ta
008 - FIXED-LENGTH DATA ELEMENTS--GENERAL INFORMATION
fixed length control field 050727s a g b000 u asm u
020 ## - INTERNATIONAL STANDARD BOOK NUMBER
Terms of availability HB
040 ## - CATALOGING SOURCE
Original cataloging agency Cotton College,Assam
041 ## - LANGUAGE CODE
Language code of text/sound track or separate title asm
082 ## - DEWEY DECIMAL CLASSIFICATION NUMBER
Classification number 891.41928
Item number Ne 35 Be
100 ## - MAIN ENTRY--PERSONAL NAME
Personal name Neog, Maheswar.
245 #0 - TITLE STATEMENT
Title Bezbaruar Dinlekha Pratham Khanda (1895-1903) /
Statement of responsibility, etc. Maheswar Neog.
Medium Textual Documents
250 ## - EDITION STATEMENT
Edition statement 1st ed. /
260 ## - PUBLICATION, DISTRIBUTION, ETC.
Place of publication, distribution, etc. Sl :
Name of publisher, distributor, etc. Sn ,
Date of publication, distribution, etc. nd.
300 ## - PHYSICAL DESCRIPTION
Extent 180p. :
Other physical details ill. ;
Dimensions 21cm .
653 ## - INDEX TERM--UNCONTROLLED
Uncontrolled term Assamese Diaries
653 ## - INDEX TERM--UNCONTROLLED
Uncontrolled term Diaries-Bezbarua
653 ## - INDEX TERM--UNCONTROLLED
Uncontrolled term Assamese Essays
653 ## - INDEX TERM--UNCONTROLLED
Uncontrolled term Assamese Biography
653 ## - INDEX TERM--UNCONTROLLED
Uncontrolled term Autobiography
653 ## - INDEX TERM--UNCONTROLLED
Uncontrolled term MS-Assamese
653 ## - INDEX TERM--UNCONTROLLED
Uncontrolled term Biography-Lakshminath Bezbarua
653 ## - INDEX TERM--UNCONTROLLED
Uncontrolled term G-Assamese
942 ## - ADDED ENTRY ELEMENTS (KOHA)
Source of classification or shelving scheme Dewey Decimal Classification
Koha item type Books
Holdings
Withdrawn status Lost status Damaged status Not for loan Collection Home library Current library Date acquired Coded location qualifier Total checkouts Full call number Barcode Date last seen Copy number Price effective from Koha item type
          Dr. Suryya Kumar Bhuyan Library Dr. Suryya Kumar Bhuyan Library 01/02/2012 00000   891.41928 Ne 35 Be R As/68 13/01/2024 1 01/02/2012 Books
          Dr. Suryya Kumar Bhuyan Library Dr. Suryya Kumar Bhuyan Library 01/02/2012 00000   891.41928 Ne 35 Be 57412 13/01/2024 2 01/02/2012 Books
          Dr. Suryya Kumar Bhuyan Library Dr. Suryya Kumar Bhuyan Library 01/02/2012 00000   891.41928 Ne 35 Be 64242 13/01/2024 4 01/02/2012 Books
          Dr. Suryya Kumar Bhuyan Library Dr. Suryya Kumar Bhuyan Library 01/02/2012 00000   891.41928 Ne 35 Be 64244 13/01/2024 3 01/02/2012 Books

Designed and Maintained by Team SKBL
©1901-2026

Powered by Koha